| 000 | 01337namaa2200337 i 4500 | ||
|---|---|---|---|
| 003 | EG-GICUC | ||
| 005 | 20260215131758.0 | ||
| 008 | 260212s2002 ua ||||jr|||| 000 0 ara d | ||
| 017 |
_a2002 / 20278 _bدار الكتب والوثائق القومية(مصر) |
||
| 020 | _a97730304038 | ||
| 040 |
_aEG-GiCUC _bara _cEG-GiCUC _dEG-GiCUC _erda |
||
| 041 | 1 |
_aara _hger _heng |
|
| 082 | 0 | 4 |
_221 _a190 _bH462 |
| 092 | 0 | 4 |
_221 _a190 _bH462 |
| 099 | _a190 H462 | ||
| 100 | 1 |
_aهيجل، جورج فيلهلم فريدريك : _d1770-1831. _eمؤلف. |
|
| 245 |
_aظاهريات الروح / _cهيجل ؛ ترجمها وقدم لها بدراسة مفصلة وعلق عليها إمام عبد الفتاح إمام . |
||
| 264 |
_aالقاهرة : _bدار قباء، _c2003. |
||
| 300 |
_a296 ؛ صفحة _c20 سم. |
||
| 336 |
_2rdacontent _atext |
||
| 337 |
_2rdamedia _aUnmediated |
||
| 338 |
_2rdacarrier _avolume |
||
| 504 | _aيشتمل على ارجاعات ببليوجرافية | ||
| 541 |
_aد.جابر عصفور ؛ _bالقاهرة ؛ _cإهداء ؛ _d2024. |
||
| 600 |
_2qrmak _aهيجل، جورج فيلهلم فريدريك : _d1770-1831. |
||
| 650 | 1 | 7 |
_aالفلسفة الغربية. _2qrmak |
| 651 | 1 | _2qrmak | |
| 700 | 1 | _aإمام، إمام عبد الفتاح. | |
| 905 | _aNoha | ||
| 942 |
_2ddc _cBK _e21 _n0 |
||
| 999 |
_c178404 _d178404 |
||